Bio-energetické centrá v Rakúsku
Zariadenia využívajúce obnoviteľné zdroje energie v Rakúsku. Bioplynová stanica - Margarethen am Moos - Greenwald Groove. Technologická konštrukcia stanice a spôsob spracovania biomasy. Využitie odpadu. Veterné mlyny. Technologické podmienky výstavby veterného parku. Bruck an der Leitha - centrálne...
Salvato in:
| Autore principale: | |
|---|---|
| Natura: | Capitolo di libro |
| Lingua: | slovacco |
| Soggetti: | |
| Tags: |
Nessun Tag, puoi essere il primo ad aggiungerne!!
|
MARC
| LEADER | 00000naa$a2200000$$$4500 | ||
|---|---|---|---|
| 001 | 0082526 | ||
| 005 | 20240502071927.8 | ||
| 041 | 0 | |a slo | |
| 044 | |a SK | ||
| 245 | 1 | 0 | |a Bio-energetické centrá v Rakúsku |c Lenka Pčolinská |
| 520 | |a Zariadenia využívajúce obnoviteľné zdroje energie v Rakúsku. Bioplynová stanica - Margarethen am Moos - Greenwald Groove. Technologická konštrukcia stanice a spôsob spracovania biomasy. Využitie odpadu. Veterné mlyny. Technologické podmienky výstavby veterného parku. Bruck an der Leitha - centrálne vykurovaná stanica. | ||
| 610 | 2 | 0 | |a zdroje energie obnoviteľné |
| 610 | 2 | 0 | |a zdroje energetické |
| 610 | 2 | 0 | |a bioenergetika |
| 610 | 2 | 0 | |a bioplyn |
| 610 | 2 | 0 | |a využitie odpadu |
| 610 | 2 | 0 | |a energia veterná |
| 100 | 1 | |a Pčolinská, Lenka | |